Matemáticas discretas

Guardat en:
Dades bibliogràfiques
Autor principal: Bogart, Kenneth P
Format: Llibre
Idioma:Spanish
Publicat: México : Limusa 1996
Matèries:
Etiquetes: Afegir etiqueta
Sense etiquetes, Sigues el primer a etiquetar aquest registre!

MARC

LEADER 00000nam a2200000Ia 4500
003 000172
005 20221231144013.0
008 140114s1996 mx a 000 ||spa d
040 |c cru CEDI 
082 |a 511.302.85 B674m 
100 |a Bogart, Kenneth P  |9 20478 
245 |a Matemáticas discretas 
260 |a México : Limusa  |c 1996 
300 |a 970 páginas :ilustraciones 
650 |x MATEMATICAS   |x  PROCESAMIENTO DE DATOS  |9 20479 
942 |2 ddc  |c BK 
999 |c 15473  |d 15473